Feasibility Analysis for Incorporating/ Deploying Siem for Forensic Evicence Collection in Cloud Environment / (Record no. 540811)

000 -LEADER
fixed length control field 00511nam a22001457a 4500
082 ## - DEWEY DECIMAL CLASSIFICATION NUMBER
Classification number 004
100 ## - MAIN ENTRY--PERSONAL NAME
Personal name Irfan, Muhammad
245 ## - TITLE STATEMENT
Title Feasibility Analysis for Incorporating/ Deploying Siem for Forensic Evicence Collection in Cloud Environment /
Statement of responsibility, etc. Muhammad Irfan
260 ## - PUBLICATION, DISTRIBUTION, ETC.
Place of publication, distribution, etc. Islamabad :
Name of publisher, distributor, etc. MCS - NUST,
Date of publication, distribution, etc. 2016.
300 ## - PHYSICAL DESCRIPTION
Extent 66 p. ;
Dimensions 30cm.
650 ## - SUBJECT ADDED ENTRY--TOPICAL TERM
Topical term or geographic name entry element Information Security-MS-Thesis
700 ## - ADDED ENTRY--PERSONAL NAME
Personal name Dr. Haider Abbas
942 ## - ADDED ENTRY ELEMENTS (KOHA)
Source of classification or shelving scheme
Koha item type Thesis
650 ## - SUBJECT ADDED ENTRY--TOPICAL TERM
-- 16348
700 ## - ADDED ENTRY--PERSONAL NAME
-- 21260
Holdings
Withdrawn status Lost status Source of classification or shelving scheme Damaged status Not for loan Permanent Location Current Location Shelving location Date acquired Full call number Barcode Date last seen Price effective from Koha item type Total Checkouts
          Central Library (CL) Central Library (CL) Thesis 11/10/2020 004 MCS CL-T-866 11/10/2020 11/10/2020 Thesis  
          Central Library (CL) Central Library (CL) Thesis 11/18/2020 004 MCS CL-T-1221 11/18/2020 11/18/2020 Thesis  
© 2023 Central Library, National University of Sciences and Technology. All Rights Reserved.